000 00421 a2200169 4500
999 _c3743
_d3743
003 OSt
005 20170105101224.0
008 160818b xxu||||| |||| 00| 0 eng d
020 _a0
040 _c0
082 _a338.9 COL 1999
100 _aDarwin C. Hall
245 _aContemporary Economic Policy
_cDrawin C. Hall
300 _a422 p.
_bPB
440 _aContemporary Economic Policy
942 _cBK
_k338.9 COL
_2ddc